000 00718nam a2200193 a 4500
001 000037578
005 20200930080442.0
008 120501s1989 sp 000 0 spa d
020 _a8400070089
040 _aDO-SdBNP
_bspa
_cBNPHU
100 1 _aHernández Prieto, Isabel
_964045
245 1 0 _aVida y obra del poeta argentino Rafael Obligado /
_cIsabel Hernández Prieto.
260 _aSevilla :
_bConsejo Superior de Investigaciones Científicas, Escuela de Estudios Hispano-Americanos,
_c1989.
300 _a217 p ;
_c21 cm.
490 1 _aMar adentro
_v20
500 _aIncluye referencias bibliográficas y notas al pie de las páginas
504 _aBibliografía : p. 193-217
830 0 _aMar adentro
_v20
_915133
999 _c37068
_d37068